000 00873cas a22002295a 4500
001 L104249
008 070705d19962006ne qr p 0 a0eng u
022 0 _a0717-2931
035 _a(Sirsi) u104249
041 0 _aeng
110 2 _aInternational Society for Photogrammetry and Remote Sensing
_92623
245 0 0 _aHighlights
260 _aAC Lemmer
_bGITC bv
_c1996-2006
362 0 _a3(4) December 1998-11(1) March 2006
520 _aAfter 11(1) March 2006 issue, this journal is published in electronic format only. Copies of the journal can be accessed online at www.isprs.org.
520 _aKept for five years
554 _aFour per year
651 4 _aInternational
690 _aENVIRONMENTAL AND LAND CONSULTANCY-GEOMATICS
856 4 1 _uhttps://www.isprs.org/publications/highlights.html
_zView copies of Highlights online at www.isprs.org...
942 _n0
999 _c118719
_d118719